| 000 | 01308cam a2200277 i 4500 | ||
|---|---|---|---|
| 003 | SA-RiAUC | ||
| 005 | 20241017145240.0 | ||
| 008 | 241017s1997 su g 000 0dara c | ||
| 040 |
_aSA-RiAUC _bara _cSA-RiAUC _erda |
||
| 082 | 0 | 4 |
_a242 _qSA-RiAUC |
| 090 |
_a242 ب ا ش _b242 ب ا ش |
||
| 100 | 1 |
_aباشنفر، سعيد بن عبد القادر سالم _eمؤلف. |
|
| 245 | 1 | 0 |
_aدلائل النبوة : _bاشتمل على أكثر من ألف وأربعمائة دلالة من دلائل نبوته صلى الله عليه وسلم / _cبقلم سعيد بن عبد القادر باشنفر ؛ تقديم عبد الله بن عبد الرحمن الجبرين. |
| 250 | _aالطبعة الثانية. | ||
| 264 | 1 |
_aجدة، السعودية : _bدار الخراز، _c1997 |
|
| 300 |
_aمجلدات ؛ _c24 سم |
||
| 336 |
_aنص _btxt _2rdacontent _3كتاب |
||
| 337 |
_aبدون وسيط _bn _2rdamedia |
||
| 338 |
_aمجلد _bnc _2rdacarrier |
||
| 650 | 7 |
_aالنبوات _2aucsh |
|
| 650 | 7 |
_aالسيرة النبوية _2aucsh |
|
| 650 | 7 |
_aالحديث _xالمسانيد _2aucsh |
|
| 700 | 1 |
_aابن جبرين، عبد الله بن عبد الرحمن بن عبد الله، _d1352-1430 هجري _eمقدم. |
|
| 942 |
_2ddc _cBOOK _n0 |
||
| 949 |
_aSA-JeALM _d241017 _ueid123 _n1 |
||
| 999 |
_c1472 _d1472 |
||